000 00831nam a2200253Ia 4500
003 OSt
005 20220923223925.0
006 a|||||r|||| 00| 0
007 ta
008 220922b |||||||| |||| 00| 0 hin d
024 _a223,384
037 _cTextual
040 _aARTS
_cARTS
_bhin
041 _2hin
_ahin
082 _aO152,3N26,SK, P4
100 _aभारती, धर्मवीर
_9156279
245 0 _aसूरज का सातवॉं घोड़ा
246 _aSūraj kā sātavaॉan ghoड़ā
250 _aसंस्करण - 24
260 _aनयी दिल्ली
_b भारतीय ज्ञानपीठ
_c2004
300 _a101पृ.
_ccm.
942 _hO152,3N26,SK, P4
_cTEXL
_2CC
999 _c368276
_d368276